Audi Models 2021 - Statistics

General Stats
  • This quiz has been taken 114 times
  • The average score is 20 of 32
Answer Stats
Hint Answer % Correct
Hatchback A3
97%
Mini Hatchback A1
94%
Sedan A4
94%
Sedan A6
93%
Sport version of above S3
85%
SUV Q3
84%
SUV Q5
81%
SUV Q7
81%
V10 Sports coupe R8
81%
SUV Q8
78%
SUV Q2
74%
RS version of SUV RSQ3
71%
RS version of above RSQ8
71%
Sport version of above SQ7
66%
RS Sportback RS7
65%
Avant version of above A4 Avant
64%
Sport version of above SQ8
64%
Electric SUV E-tron
63%
RS version of avant RS4 Avant
62%
Sport version of above SQ5
62%
Avant version of sedan A6 Avant
56%
Sport version of the avant S4 Avant
56%
RS version of Avant RS6 Avant
53%
Sport version of above SQ2
53%
Sportback version of RS RSQ3 Sportback
50%
Sportback version of above Q3 Sportback
48%
Sportback version of above E-tron Sportback
43%
Sportback Sedan A5 Sportback
41%
RS version of Sedan RS5 Sportback
41%
Sport version of Sedan S5 Sportback
40%
RS version of above RS E-tron GT
19%
GT version of SUV E-tron GT Quattro
3%
No matching quizzes found
Score Distribution
Percent of People with Each Score
Percentile by Number Answered
Your Score History
You have not taken this quiz